| 000 | 00353nam a2200133Ia 4500 | ||
|---|---|---|---|
| 008 | 231004s9999 xx 000 0 und d | ||
| 041 | _amar | ||
| 082 |
_a306.483 _bSAL |
||
| 100 | _aDR. SALUNKHE, SARJERAO | ||
| 245 | _aSAMAJSHASTRATIL MULBHUT SANKLPANA | ||
| 260 |
_bPROFICIENT PUBLISHING HOUSE _c2022 |
||
| 300 | _a497 | ||
| 650 | _aSOCIOLOGY IN P. E. | ||
| 999 |
_c877777 _d877777 |
||